000 00733nam a2200265Ia 4500
008 160803s9999 xx 000 0 und d
020 _a0 439403782
100 _aChapman, Cindy
245 _aThree pigs and a wolf :
245 _bin their own words /
245 _cby Cindy Chapman and Wiley Blevins ; illustrated by Polly Powell.
260 _aNew York :
260 _bScholastic Inc.
260 _c2002
300 _a21 unnumbered pages :
300 _bcolor illustrations ;
300 _c27 cm
650 _aFolklore --
650 _aSwine --
650 _aSwine -- Folklore --
650 _xJuvenile literature.
650 _xJuvenile literature.
650 _xJuvenile literature.
700 _aBR
999 _c299304
_d299304